[Event "1st Goa GM Open 2018"]
[Site "Taleigao"]
[Date "2018.10.19"]
[Round "9"]
[White "Srihari L R"]
[Black "Kunte, Abhijit"]
[Result "0-1"]
[WhiteElo "2170"]
[BlackElo "2484"]
[Annotator "TA"]
[PlyCount "74"]
[EventDate "2018.10.13"]
[EventType "swiss"]
[EventCountry "IND"]
[SourceTitle "playchess.com"]
[Source "ChessBase"]
[SourceQuality "1"]

{[%evp 26,74,0,0,23,-75,-2,0,-24,-17,0,0,46,50,26,8,7,0,0,-33,-19,-22,0,0,0,-85,-104,-677,-682,-676,-644,-927,-907,-902,-896,-1020,-1016,-884,-300,-297,-308,-795,-770,-762,-502,-500,-476,-831,-577,-623,-535]} 1. e4 c5 2. Nf3 e6 3. d4 cxd4 4. Nxd4 Nf6 {[%cal Bg8f6,Bf6d7,Bd7b6,Bb6c4][%mdl 32]} 5. Nc3 d6 6. Be3 a6 7. f3 b5 8. Qd2 Bb7 9. g4 Nfd7 10. O-O-O Nb6 11. Qf2 N8d7 12. Kb1 Rc8 {B80: Sizilianisch (Scheveninger System)} 13. Nce2 (13. Bd3 Rxc3 14. bxc3 Qc7 15. Ne2 Be7 16. g5 O-O 17. h4 Na4 18. Bc1 Ne5 19. h5 d5 20. Qh2 {0-1 (32) Movsesian,S (2668)-Kasparov,G (2851) Sarajevo 2000 CBM 077 [Ftacnik,L]}) 13... Nc4 14. Bc1 {LiveBook: 6 Partien} Qb6 $146 {Die Stellung ist ausgeglichen.} ({Vorgänger:} 14... b4 15. Ng3 Be7 16. h4 a5 17. Bg5 O-O 18. Bxc4 Rxc4 19. Qd2 Ba8 20. Bxe7 Qxe7 {½-½ (53) Persson,C (2594)-Avotins,M (2459) ICCF email 2006}) 15. Qg1 (15. b3 $11) 15... e5 (15... d5 $17 16. exd5 Bxd5) 16. Nf5 $11 Qc7 {[#] Droht stark ...Sa3+!} 17. c3 g6 (17... b4 {keeps more tension.} 18. Bh3 a5 19. g5 Ba6 20. Nfg3 h6) 18. Ne3 Ndb6 19. Nxc4 bxc4 20. Be3 Na4 $1 21. Rd2 Rb8 22. Ba7 Ra8 {Und ...Txa7! würde nun gewinnen.} 23. Be3 Bc8 24. f4 Rb8 25. fxe5 (25. Ka1 $11 {hält das Gleichgewicht.}) 25... dxe5 $17 {Droht ...La3 und aus.} 26. Rc2 $2 {[%mdl 8192]} (26. Ka1 $17) 26... Ba3 $19 27. Bc1 Qb7 28. Ng3 Bxb2 29. Bxb2 Nxb2 30. Be2 Nd1+ 31. Kc1 Nxc3 $2 (31... Qb1+ 32. Kd2 {[#]} Bxg4 $1 {[%mdl 512]} 33. Bxc4 Rb2) 32. Qc5 Nxe2+ 33. Rxe2 $2 (33. Nxe2 Qb5 34. Qxb5+ axb5 35. Rg1) 33... Qb1+ {Schwarz steht klar auf Gewinn.} 34. Kd2 Qxa2+ 35. Ke3 Qb3+ 36. Kd2 (36. Kf2 $142 Qb5 37. Qc7) 36... Qb2+ 37. Ke1 Qd4 {Precision: Weiß = 25%, Schwarz = 48%.} 0-1

[Event "1st Goa GM Open 2018"]
[Site "Taleigao"]
[Date "2018.10.19"]
[Round "9"]
[White "Ramnathan, Balasubramaniam"]
[Black "Laxman, R.R."]
[Result "1-0"]
[WhiteElo "2142"]
[BlackElo "2443"]
[Annotator "TA"]
[PlyCount "70"]
[EventDate "2018.10.13"]
[EventType "swiss"]
[EventCountry "IND"]
[SourceTitle "playchess.com"]
[Source "ChessBase"]
[SourceQuality "1"]

{[%evp 9,70,-9,19,8,37,20,20,0,0,0,6,-5,4,-8,0,-12,0,-13,0,0,-1,-10,-4,-8,0,-14,0,0,0,0,2,0,0,6,15,0,0,0,0,0,32,16,18,17,95,0,-10,-15,158,99,108,134,122,81,142,112,1518,1508,1348,1336,1095,759,1895]} 1. Nf3 Nf6 2. b3 c5 3. Bb2 d6 (3... Nc6 4. e3 e6 5. d4 cxd4 6. Nxd4 Be7 7. Nxc6 dxc6 8. Bd3 Qa5+ 9. Nd2 e5 10. O-O Be6 11. Nc4 Bxc4 12. Bxc4 Ba3 13. Qc1 Bxb2 14. Qxb2 {½-½ (32) Nakamura,H (2769)-Anand,V (2759) Paris 2018}) 4. e3 e5 5. Bb5+ Bd7 6. Bxd7+ {A05: Réti Opening: 1 Nf3 Nf6} Nbxd7 7. d3 $146 ({Predecessor:} 7. O-O Be7 8. c4 e4 9. Ne1 Ne5 10. Nc3 Qd7 11. d3 exd3 12. Nxd3 {1-0 (44) Pelletier,Y (2588)-Colmenares,A (2331) Basel 2015}) 7... g6 8. Nbd2 {The position is equal.} Bg7 9. O-O O-O 10. c4 Qe7 11. Qc2 Rac8 12. Rac1 a6 13. Rfd1 Rfe8 14. Ne4 b5 15. Nxf6+ Nxf6 16. a3 Qb7 17. Ba1 h6 18. Nd2 d5 19. cxd5 Nxd5 20. Ne4 {Nd6 is the strong threat.} Bf8 21. Qa2 Re6 22. Rc2 f5 23. Nd2 {Threatening b4!} Rce8 24. Nf3 b4 25. a4 e4 26. dxe4 Rxe4 (26... fxe4 $11 {remains equal.} 27. Nd2 Rd8) 27. Rdc1 (27. Qb1 $16) 27... f4 $11 28. Nd2 fxe3 $2 (28... R4e6 $11) 29. Nxe4 $16 Rxe4 30. fxe3 Nxe3 31. Rf2 {[#] And now Qb2 would win.} c4 (31... Ng4 $142) 32. bxc4 $40 {[%cal Bb3c4,Bc4c5][%mdl 160] White wants a kill.} Ng4 $2 {[%mdl 8192]} (32... Bc5 $16 33. Qb2 Bd4) 33. c5+ $18 {White is clearly winning.} b3 {[#]} 34. Qb2 $1 {[%csl Ga1][%cal Rb2h8][%mdl 512]} Re5 35. Qd4 {Hoping for c6.} Qc8 {Precision: White = 42%, Black = 33%.} 1-0

[Event "1st Goa GM Open 2018"]
[Site "Taleigao"]
[Date "2018.10.19"]
[Round "9"]
[White "Prasannaa.s"]
[Black "Dhulipalla Bala Chandra Prasa"]
[Result "1/2-1/2"]
[WhiteElo "2124"]
[BlackElo "2380"]
[Annotator "TA"]
[PlyCount "203"]
[EventDate "2018.10.13"]
[EventType "swiss"]
[EventCountry "IND"]
[SourceTitle "playchess.com"]
[Source "ChessBase"]
[SourceQuality "1"]

{[%evp 19,203,-2,-7,-22,-25,-52,-46,-46,-25,-22,16,-74,-39,-46,-46,-63,39,39,14,21,83,47,85,85,2,0,21,16,19,22,22,25,28,23,30,33,35,25,17,33,77,0,0,0,0,0,0,0,-6,-31,-70,-124,-132,-125,-125,-206,-200,-183,-183,-143,-94,-389,0,-121,0,-363,-10,-65,-75,-99,-105,-101,-95,-292,0,-102,0,-276,-272,-243,-218,-198,-200,-210,-192,-172,-140,-212,-104,-101,-104,-104,-104,-105,-54,-59,-13,-14,-13,-31,-14,-14,0,-48,-12,-12,-8,-12,-12,-12,-13,-19,-4,-15,-13,-12,0,-4,-1,-6,-7,-7,-8,-8,0,-8,-8,-8,0,-16,0,0,0,0,0,0,0,0,0,0,0,0,0,0,0,0,0,0,0,-4,-4,-4,-4,-4,0,-4,-4,-4,-4,-4,-4,-4,-4,-4,-4,-4,-4,-4,0,0,0,0,0,-8,-8,-8,-8,-8,-8,-8,-8,-8,-8,-8,0,0]} 1. Nf3 d5 2. c4 d4 3. e3 Nc6 4. exd4 Nxd4 5. Nxd4 Qxd4 6. d3 {A09: Réti Opening: 1 Nf3 d5 2 c4} (6. Nc3 e5 7. Be2 Ne7 8. O-O Nf5 9. d3 c6 10. Ne4 Be7 11. Ng3 O-O 12. Nxf5 Bxf5 13. Qb3 Qd7 14. Be3 {½-½ (51) Iturrizaga Bonelli,E (2652)-Matlakov,M (2701) Moscow 2017}) 6... Nh6 7. Nc3 c6 8. Be3 Qd8 9. d4 Nf5 10. Qd2 g6 {LiveBook: 27 Games} 11. O-O-O Bg7 12. Be2 O-O 13. g4 Nxe3 14. fxe3 e5 15. h4 (15. d5 $1 $11 {remains equal.}) 15... exd4 $17 16. exd4 Qa5 $146 17. h5 Rd8 (17... Be6 $1 $15) 18. hxg6 $14 hxg6 19. Qf4 $1 Be6 (19... Qb4 $11) 20. Ne4 $1 $16 Qxa2 21. Nf6+ Kf8 $132 {[%mdl 2048] Black is fighting back} 22. Nh7+ Ke8 23. Rh3 Qa1+ 24. Kc2 Qa4+ 25. Kb1 Bxc4 26. Ra3 Qb4 27. Bxc4 Qxc4 28. Rc3 Qd5 $1 ({Don't go for} 28... Qe6 $2 29. Re3 $18) 29. Rc5 Qe6 30. Qf2 ({White should play} 30. Rd3 $1 $16 {[%cal Rd3e3]} Rxd4 31. Rxd4 Bxd4 32. Qxd4) 30... Qe4+ $11 31. Rc2 Qd5 $1 32. Rf1 {Re2+ is the strong threat.} Rd6 {And now ...Rd7 would win.} 33. Re2+ Kd8 34. Qh4+ (34. Qg3 $5 {[%cal Rh7g5]} Qxd4 35. Ng5 $11) 34... Kc7 {[#] Strongly threatening ...Kb6.} 35. Re7+ (35. Rxf7+ $1 $15 {[%mdl 512]} Qxf7 36. Re7+ Qxe7 37. Qxe7+ Rd7 38. Qe4) 35... Kb6 $1 $17 36. Rfxf7 Qxd4 {[%csl Gg7][%cal Rd4b2]} 37. Rxb7+ (37. Qf2 $17 {was worth a try.} Qxf2 38. Rxf2) 37... Ka6 $19 38. Qe1 Qd3+ $1 39. Ka2 Qc4+ 40. Kb1 $2 {[%mdl 8192] [#]} (40. Rb3 $17 {only move.} Rd5 41. Qf1 Qxf1 42. Rxf1) 40... Qd3+ $2 (40... Be5 $1 $19 {[%mdl 512] has better winning chances.} 41. Nf8 (41. Qxe5 Rd1#) 41... Bg3 $1 {[%mdl 512]}) 41. Ka2 $17 Qc4+ $2 (41... Rd4 $1 $17 {[%cal Rd4a4]} 42. Rb4 Rb8 $1 {[%mdl 512]}) 42. Kb1 $19 {[#]} Re6 $2 ({Better is} 42... Be5 $1 $19 {[%mdl 512]} 43. Nf8 (43. Qxe5 Rd1#) 43... Qd3+ 44. Ka1 Rd5) 43. Qd1 (43. Qg3 $11 Re5 44. Qa3+ (44. Rxg7 $2 Qe4+ 45. Ka2 Ra5+ 46. Qa3 Qd5+ 47. Ka1 Rxa3+ 48. bxa3 Qd1+ 49. Kb2 Qxg4 $19) 44... Ra5 45. Rxa7+ Rxa7 46. Rxa7+ Kxa7 47. Qxa5+ Kb7 48. Qa3) 43... Bd4 $15 {aiming for ...Re2.} 44. Rb3 {Threatens to win with Ra3+.} Rae8 45. Ra3+ Kb5 46. Rb3+ $2 (46. Rb7+ $17 {was called for.} Bb6 47. Qb3+ Qxb3 48. Rxb3+ Ka6 49. Rd7) 46... Ka6 $2 (46... Kc5 $19 {is more deadly.} 47. Rf1 Re3 48. Rxe3 Rxe3) 47. Ra3+ $17 Kb5 $2 (47... Kb6 $17 48. Qb3+ Qxb3 49. Rxb3+ Kc5) 48. Rb3+ $1 $19 ({Much worse is} 48. Rb7+ Bb6 $17) 48... Kc5 49. Rf1 {[#]} Qxf1 $1 {[%mdl 512]} 50. Qxf1 Re1+ 51. Qxe1 Rxe1+ {[%mdl 4096] Endgame KRB-KRN} 52. Ka2 Rg1 53. g5 (53. Nf8 $17) 53... Rg2 (53... Kc4 $19 {Hoping for ...Ra1+!} 54. Rb7 a5) 54. Nf8 $17 Kc4 55. Nxg6 Rxg5 56. Nf4 Rf5 (56... Rb5 $17 57. Rxb5 cxb5 58. b3+ Kb4 59. Nd5+ Kc5) 57. Ne2 $15 c5 58. Ra3 Rf7 59. Ra4+ Kb5 60. Ra3 Kc4 61. Ra4+ Kd5 62. Nc3+ {The position is equal.} Kc6 {Threatening ...Bxc3.} 63. Kb3 Rb7+ 64. Kc2 Kb6 65. Ra2 a5 66. Kd3 Ka6 67. Kc2 Rb4 68. Ra1 Rb8 69. Rh1 Rb6 70. Rh7 Rg6 71. Kb3 Rb6+ 72. Kc2 Rc6 73. Kd3 Rb6 (73... Rg6 {seems wilder.} 74. Kc4 Rb6 75. Nd5 Rxb2 76. Nc7+ Kb6) 74. Kc2 Bxc3 (74... Re6 {with more complications.} 75. Kb3 Rc6 76. Rh4 Rb6+ 77. Kc2 Rf6) 75. Kxc3 $11 {KR-KR} Kb5 76. b3 Rb8 77. Rg7 Kc6 78. Rg6+ Kb5 79. Rg7 Ra8 80. Rb7+ Kc6 81. Rg7 a4 82. bxa4 Rxa4 83. Kb3 Rh4 (83... Rb4+ {is more complex.} 84. Kc3 Kb5 85. Rb7+ Kc6 86. Rf7 Kd5) 84. Rg3 Kb5 85. Kc3 $1 Ra4 86. Kb3 Ra8 87. Rg5 Rh8 88. Rg3 Rh1 89. Kc3 Rf1 90. Kb3 Rf4 91. Rh3 Rb4+ 92. Kc3 Ra4 93. Kb3 c4+ 94. Kb2 Kb4 95. Rg3 Ra5 96. Rh3 Rg5 97. Kc2 Rg2+ 98. Kc1 Ra2 99. Kb1 Rd2 100. Kc1 Rg2 101. Rf3 c3 {( -> ...Kb3)} 102. Rf8 {Precision: White = 66%, Black = 52%.} 1/2-1/2

[Event "1st Goa GM Open 2018"]
[Site "Taleigao"]
[Date "2018.10.19"]
[Round "9"]
[White "Meftahi, Houssem"]
[Black "Mohammad Minhaz Uddin"]
[Result "0-1"]
[WhiteElo "2119"]
[BlackElo "2328"]
[Annotator "TA"]
[PlyCount "90"]
[EventDate "2018.10.13"]
[EventType "swiss"]
[EventCountry "IND"]
[SourceTitle "playchess.com"]
[Source "ChessBase"]
[SourceQuality "1"]

{[%evp 16,90,-23,-23,0,0,12,16,45,33,54,38,122,119,116,85,166,130,162,143,168,165,176,175,222,127,388,263,248,50,50,50,50,50,50,60,70,18,16,-19,0,-81,-55,-122,-68,-113,-112,-128,-106,-134,-108,-118,-108,-143,-111,-129,-111,-110,-93,-224,-219,-217,-219,-218,-170,-812,-740,-735,-728,-812,-801,-749,-767,-766,-766,-749,-745]} 1. e4 e5 2. Bc4 Nf6 3. Nc3 Bb4 4. a3 Bxc3 (4... Ba5 5. Qf3 c6 6. Nge2 O-O 7. O-O d6 8. h3 Be6 9. d3 Nbd7 10. g4 b5 11. Bxe6 fxe6 12. Qg3 {½-½ (56) Uhoda,P (2090)-Van Mechelen,J (2247) Charleroi 2017}) 5. dxc3 O-O 6. Qf3 {C27: Vienna Game: 2...Nf6 3 Bc4 Nxe4} d6 7. Bg5 Be6 8. Bd3 Nbd7 9. Ne2 {LiveBook: 3 Games} Bg4 $146 ({Predecessor:} 9... h6 10. Bd2 Nc5 11. Ng3 d5 12. h3 {1-0 (23) Schaefer,G-Skalmowski,B Fuessen 1993}) 10. Qe3 Bxe2 11. Qxe2 Qe8 12. Bc4 h6 13. h4 Nh7 ({Black should play} 13... Qe7 $14) 14. O-O-O Nc5 ({Not} 14... hxg5 15. hxg5 g6 16. f4 $15) 15. Kb1 (15. Be3 {looks sharper.} Nxe4 16. g4 c6 17. Bd3 Nc5 18. g5) 15... Ne6 (15... Rb8 $16) 16. Bc1 $18 Qe7 17. g3 {[%cal Bg2g3,Bg3f4][%mdl 32]} Rfe8 18. f4 exf4 19. gxf4 Nc5 20. Rhg1 (20. e5 $1 $18) 20... Qf6 $2 {[%mdl 8192] [#]} (20... Nxe4 $16 21. Qh5 c6) 21. Qh5 Rxe4 22. Rg6 $2 (22. Bd5 $18) 22... Rxc4 $14 23. Rxf6 Nxf6 24. Qf3 Re4 25. Rg1 Kh7 26. Qg2 (26. c4 $14) 26... Rg8 $11 27. f5 Rxh4 28. Qf3 (28. Qf2 $11 Rc4 29. Be3) 28... Re8 29. Be3 ({White should try} 29. Qf2 $15 Rhe4 30. b4) 29... Rhe4 (29... Nce4 $17 30. Kc1 c5) 30. Bxc5 dxc5 31. Ka2 b6 32. Rg2 a5 33. Qf1 h5 34. Qg1 Rg4 35. Rxg4 Nxg4 $17 {[%mdl 4096] Endgame KQ-KRN} 36. Qh1 Nf6 37. Qf3 (37. Qh2 $17) 37... Re4 $19 38. Qg3 c6 39. Qc7 h4 {[%cal Bh5h4,Bh4h3,Bh3h2][%mdl 32]} 40. Qxf7 $2 {[#]} (40. b4) 40... Rg4 $1 {Black is clearly winning.} 41. Qc7 h3 42. Qxc6 h2 43. Qh1 Rh4 44. b4 c4 45. Kb2 Rh6 {Precision: White = 36%, Black = 46%.} 0-1

[Event "1st Goa GM Open 2018"]
[Site "Taleigao"]
[Date "2018.10.19"]
[Round "9"]
[White "Kiran, Panditrao"]
[Black "Rathnakaran, K.."]
[Result "0-1"]
[WhiteElo "1999"]
[BlackElo "2366"]
[Annotator "TA"]
[PlyCount "65"]
[EventDate "2018.10.13"]
[EventType "swiss"]
[EventCountry "IND"]
[SourceTitle "playchess.com"]
[Source "ChessBase"]
[SourceQuality "1"]

{[%evp 9,65,-468,70,-490,46,-396,55,-388,31,28,32,9,56,51,66,-282,19,0,96,59,68,16,12,-183,-158,-309,-329,-385,-368,-368,-367,-377,-236,-950,-933,-1168,-1085,-1075,-1065,-1049,-997,-1133,-1105,-1121,-1068,-1079,-1106,-1156,-1125,-1181,-1142,-1264,-1270,-1305,-1298,-1312,-1304,-1227]} 1. Nf3 c6 2. c4 c5 $146 ({Vorgänger:} 2... d5 3. g3 Nf6 4. Bg2 a6 5. O-O dxc4 6. Qc2 b5 7. Rd1 g6 8. d3 Qc7 9. Bf4 Qb7 10. Ne5 Bg7 11. dxc4 b4 12. Nd2 {0-1 (47) Dubov,D (2709)-Dreev,A (2649) Moscow 2018}) 3. e3 g6 4. b3 Bg7 5. Bb2 Kf8 $2 {[#]} ({Lieber} 5... Bxb2 $19 6. Nc3 Bxa1 7. Qxa1 Nf6) 6. d3 $2 {[%mdl 8192] A11: Reti-Eröffnung} (6. d4 $14 {bleibt weiter vorne.}) 6... Nc6 $2 (6... Bxb2 $19 7. Nbd2 Bxa1 8. Qxa1 Nf6) 7. a3 $2 {[%mdl 8192]} (7. Nc3 $14) 7... a6 $2 (7... Bxb2 $19 8. Ra2 Bg7) 8. Nbd2 $2 {[%mdl 8192]} (8. Nc3 $14 {behält die Oberhand.}) 8... d6 $2 (8... Bxb2 $19 9. Ra2 Bg7) 9. Qc2 $14 e5 10. Be2 Rb8 11. O-O Bf5 12. Nh4 $2 {[%mdl 8192]} (12. b4 $14) 12... Bd7 $2 ({Günstiger ist} 12... Qxh4 $19 13. Bc3 h5) 13. Nhf3 f6 (13... Bf5 $11) 14. Rfe1 f5 {[%cal Bf6f5,Bf5g4][%mdl 32]} 15. Nf1 ({Besser ist} 15. b4 $14) 15... g5 16. Nxe5 $2 (16. b4 $11) 16... dxe5 17. Bh5 $2 (17. b4 $17 {war nötig.}) 17... g4 $19 18. f3 Qh4 19. fxg4 fxg4 20. Ng3 Ke7 {[#] Und ...Sf6 würde nun gewinnen.} 21. Nf5+ $2 (21. Qf2 Qf6 22. Qxf6+ Nxf6 23. d4) 21... Bxf5 {Schwarz steht klar auf Gewinn.} 22. Qf2 Qxh5 23. e4 Be6 24. Qxc5+ Kf6 25. Rac1 Rd8 26. Rcd1 Qe8 27. Qe3 Nd4 28. Qg3 Qe7 29. b4 h5 30. Bxd4 Rxd4 31. Qe3 Qd8 32. Qe2 Bh6 33. Rf1+ {Precision: Weiß =  7%, Schwarz = 35%.} 0-1

[Event "1st Goa GM Open 2018"]
[Site "Taleigao"]
[Date "2018.10.19"]
[Round "9"]
[White "Potluri Saye Srreezza"]
[Black "Konguvel, Ponnuswamy"]
[Result "1/2-1/2"]
[WhiteElo "1993"]
[BlackElo "2325"]
[Annotator "TA"]
[PlyCount "61"]
[EventDate "2018.10.13"]
[EventType "swiss"]
[EventCountry "IND"]
[SourceTitle "playchess.com"]
[Source "ChessBase"]
[SourceQuality "1"]

{[%evp 22,61,22,9,9,11,25,18,10,0,0,0,0,0,0,-10,-9,-12,0,0,0,-1,-8,-10,0,0,0,0,0,0,83,83,92,56,56,56,56,55,56,33,33,0]} 1. Nf3 Nf6 2. c4 g6 3. g3 Bg7 4. Bg2 O-O 5. d4 d6 6. O-O Nbd7 7. Qc2 e5 8. dxe5 dxe5 9. Rd1 Qe7 10. e4 Nc5 11. Nc3 c6 12. b3 Bg4 {E67: King's Indian: Fianchetto: 6...Nbd7} 13. Ba3 b6 14. Na4 Nfd7 {The position is equal.} 15. h3 Bxf3 16. Bxf3 Rfd8 17. Nxc5 $146 ({Predecessor:} 17. Bg4 Qe8 18. Nxc5 Nxc5 19. Bxc5 bxc5 20. Rxd8 Rxd8 {½-½ (20) Neidhardt,C (2420)-Jacob,G (2250) Germany 2003}) 17... Nxc5 18. Rxd8+ (18. Bg2 {feels hotter.} h5 19. h4 Qf6 20. Rxd8+ Rxd8 21. Bxc5 bxc5 22. Rd1) 18... Rxd8 19. Rd1 Rd4 (19... Rxd1+ {is interesting.} 20. Bxd1 h5 21. Be2 Qd6 22. Kg2 Bf8) 20. Rxd4 exd4 21. Bxc5 Qxc5 22. Be2 h5 23. h4 Bh6 24. Bd3 Qa5 25. Qe2 Bd2 {[#]} (25... Qd2 $11) 26. e5 $1 $16 {[%cal Re5e6] Threatens to win with e6.} Bb4 ({Wrong is} 26... Qxa2 $2 27. e6 $18) 27. e6 {And now exf7+ would win.} Qc5 {White is slightly better.} 28. exf7+ Kxf7 29. Qf3+ Kg7 30. Qf4 Qd6 {With the idea ...Qxf4.} 31. Qxd6 {Precision: White = 67%, Black = 76%.} 1/2-1/2

[Event "1st Goa GM Open 2018"]
[Site "Taleigao"]
[Date "2018.10.20"]
[Round "10"]
[White "Kravtsiv, Martyn"]
[Black "Deepan Chakkravarthy J."]
[Result "0-1"]
[WhiteElo "2654"]
[BlackElo "2540"]
[Annotator "TA"]
[PlyCount "28"]
[EventDate "2018.10.13"]
[EventType "swiss"]
[EventCountry "IND"]
[SourceTitle "playchess.com"]
[Source "ChessBase"]
[SourceQuality "1"]

{[%evp 14,28,35,35,44,41,67,22,10,11,33,28,46,38,495,306,345]} 1. e4 c5 2. Nf3 d6 3. Bb5+ Nd7 4. Ba4 {[%cal Bb5a4,Ba4c2,Bc2b3][%mdl 32]} g6 (4... Ngf6 5. O-O a6 6. c4 g6 7. Nc3 Bg7 8. h3 O-O 9. Re1 b6 10. d4 cxd4 11. Nxd4 Bb7 {½-½ (31) Vachier Lagrave,M (2780)-Saric,I (2689) Batumi 2018}) 5. O-O Bg7 6. c3 {B51: Sizilianisch (Rossolimo-Variante)} Ngf6 7. Re1 O-O 8. d4 {LiveBook: 3 Partien. Weiß steht etwas besser.} Nb6 $146 ({Vorgänger:} 8... cxd4 9. cxd4 d5 10. e5 Ne4 11. Nbd2 Nb6 {1-0 (37) Hakobyan,A (2554)-Donchenko,A (2614) Manavgat 2018}) 9. Bc2 Bg4 10. Nbd2 cxd4 11. cxd4 Rc8 12. Bb3 Bd7 13. a4 Bb5 $2 {[%mdl 8192] [#]} (13... a5 $14) 14. e5 Ba6 {[%mdl 32768] Loss on Time!?} 0-1